| 000 | 01062cam a2200289 i 4500 | ||
|---|---|---|---|
| 001 | 45126 | ||
| 003 | Mx-PuUPA | ||
| 005 | 20210628130249.0 | ||
| 008 | 140415s2003 sp a gr 001 0 spa d | ||
| 020 | _a8484482154 | ||
| 040 |
_aMX-PuUPA _bspa _erda _cMx-PuUPA _dMx-PuUPA |
||
| 041 | 0 | _aspa | |
| 245 | 0 | 3 |
_aEl espacio latinoamericano : _bcambio económico y gestión urbana en la era de la globalización / _cFernando Manero, Luis Jesús Pastor, coordinadores. |
| 264 | 1 |
_aValladolid : _bUniversidad de Valladolid, _c2003 |
|
| 300 |
_a741 páginas : _bilustraciones ; _c24 cm. |
||
| 336 |
_atexto _2rdacontent _btxt |
||
| 337 |
_asin medio _2rdamedia _bn |
||
| 338 |
_avolumen _2rdacarrier _bnc |
||
| 490 | 0 |
_aGeografía ; _v13 |
|
| 650 | 4 |
_aAdministración municipal _zAmérica Latina _ySiglo XXI |
|
| 651 | 4 |
_aAmérica Latina _xCondiciones económicas _ySiglo XXI |
|
| 700 | 1 |
_aManero, Fernando, _ecoordinador |
|
| 700 | 1 |
_aPastor, Luis Jesús, _ecoordinador |
|
| 942 |
_2ddc _cLI _h338.82 _iE77 |
||
| 999 |
_c45126 _d45126 |
||